Yo no vengo a decir un discurso
Na minha lista:
| Autor principal: | |
|---|---|
| Formato: | Livro |
| Idioma: | espanhol |
| Publicado em: |
Buenos Aires
Sudamericana
2010
|
| Edição: | 1a. ed |
| Assuntos: | |
| Tags: |
Adicionar Tag
Sem tags, seja o primeiro a adicionar uma tag!
|
MARC
| LEADER | 00000nam a2200000 a 4500 | ||
|---|---|---|---|
| 001 | UCG6681 | ||
| 003 | CL-VaPUC | ||
| 008 | 110512e20100000AG |||||||||||||||||spa|d | ||
| 020 | |a 9789500733137 | ||
| 082 | 0 | 4 | |a 863 |b GAR |2 21 |
| 100 | 0 | |a García Márquez, Gabriel |e author |9 318478 | |
| 245 | 1 | 0 | |a Yo no vengo a decir un discurso |
| 250 | |a 1a. ed | ||
| 300 | |a 153 p | ||
| 942 | |c BK | ||
| 945 | |d 20110512 00:00:00 |a jcampos | ||
| 260 | |a Buenos Aires |b Sudamericana |c 2010 | ||
| 650 | 0 | |a Literatura hispanoamericana |9 269097 | |
| 650 | 7 | |a DISCURSOS LITERARIOS |2 CL-VaPUC |9 557009 | |
| 583 | |a last modification |c 20110512 00:00:00 |k Rodrigo Vera | ||
| 999 | |c 344832 |d 344830 | ||
| 952 | |0 0 |1 0 |4 0 |6 863_000000000000000_GAR_2010 |7 0 |8 C |9 443121 |a BIBCUR |b BIBCUR |d 2019-11-22 |i 4776038 |l 1 |o 863 GAR 2010 |p 4776038 |r 2025-04-22 |s 2024-03-12 |w 2019-11-22 |y BK |k CAC | ||